Mais educacao, menos violencia : (Record no. 84011)
[ view plain ]
| 000 -CABECERA | |
|---|---|
| campo de control de longitud fija | 00792nam a2200217 a 4500 |
| 005 - FECHA Y HORA DE LA ÚLTIMA TRANSACCIÓN | |
| campo de control | 20240925070126.0 |
| 008 - ELEMENTOS DE LONGITUD FIJA--INFORMACIÓN GENERAL | |
| campo de control de longitud fija | 010726s2008 br 000 0 por d |
| 020 ## - NÚMERO INTERNACIONAL NORMALIZADO PARA LIBROS | |
| Número Internacional Estándar del Libro | 9788576520757 |
| 035 ## - NÚMERO DE CONTROL DEL SISTEMA | |
| Número de control de sistema | UPN01000110102 |
| 049 ## - COLECCIÓN | |
| Colección | UNE |
| 050 #4 - SIGNATURA TOPOGRÁFICA DE LA BIBLIOTECA DEL CONGRESO | |
| Número de clasificación | JZ5534 |
| Número de documento/Ítem | R6.5 |
| 100 1# - ASIENTO PRINCIPAL--NOMBRE PERSONAL | |
| Nombre de persona | Rolim, Marcos Flávio, |
| Fechas asociadas al nombre | 1960- |
| 9 (RLIN) | 41249 |
| 245 10 - MENCIÓN DE TÍTULO | |
| Título | Mais educacao, menos violencia : |
| Resto del título | caminhos inovadores do programa de abertura das escolas públicas nos fins de semana / |
| Mención de responsabilidad, etc. | Marcos Rolim. |
| 260 ## - PUBLICACIÓN, DISTRIBUCIÓN, ETC. | |
| Lugar de publicación, distribución, etc. | Brasília : |
| Nombre del editor, distribuidor, etc. | UNESCO : |
| -- | Fundacao Vale, |
| Fecha de publicación, distribución, etc. | c2008. |
| 300 ## - DESCRIPCIÓN FÍSICA | |
| Extensión | 101 p. : |
| Otras características físicas | il. col., tablas |
| 440 #0 - MENCIÓN DE SERIE/ASIENTO SECUNDARIO--TÍTULO | |
| Título | Abrindo espacos. |
| Nombre de parte o sección de la obra | Educacao e cultura para a paz |
| 500 ## - NOTA GENERAL | |
| Nota general | También localizas un ejemplar en Colección General |
| 650 #4 - ASIENTO SECUNDARIO DE MATERIA - TERMINO TEMATICO | |
| Término de materia o nombre geográfico como elemento de entrada | Paz |
| Subdivisión general | Estudio y enseñanza |
| 9 (RLIN) | 4940 |
| 650 #4 - ASIENTO SECUNDARIO DE MATERIA - TERMINO TEMATICO | |
| Término de materia o nombre geográfico como elemento de entrada | Violencia |
| 9 (RLIN) | 7151 |
| 905 ## - TIPO DE MATERIAL | |
| Tipo de material | Libro |
| Estado de retiro | Estado de pérdida | Fuente del sistema de clasificación o colocación | Estado dañado | No para préstamo | Código de colección | Localización permanente | Ubicación/localización actual | Ubicación en estantería | Fecha de adquisición | Enumeración/cronología de publicación seriada | Clasificación | Código de barras | Fecha visto por última vez | Número de copia | Tipo de ítem Koha | Total de préstamos |
|---|---|---|---|---|---|---|---|---|---|---|---|---|---|---|---|---|
| Library of Congress Classification | Disponible (Préstamo en sala) | UNESCO | Bib. Gregorio Torres Quintero | Bib. Gregorio Torres Quintero | Colecciones especiales Planta alta | 03/02/2023 | Donación UNESCO | JZ5534 R6.5 | U14687 | 31/12/2020 | 1 | Libro | ||||
| Library of Congress Classification | Colección General | Bib. Gregorio Torres Quintero | Bib. Gregorio Torres Quintero | Planta baja | Donación UNESCO | JZ5534 R6.5 | U14688 | 31/12/2020 | 1 | Libro |
